00386 a2200157 4500003000400000005001700004008004100021020001800062040000900080082002000089100001900109245004300128250001200171260003100183300001400214OSt20260305131807.0260305b |||||||| |||| 00| 0 eng d a9789364871624 coclc a894.8123bIND/A aIndugopan, G R aAMBILYMOL THIRODHANAM /cG R Indugopan a7th ed. aKottayam:bDC Books,c2026 a112 pages